| 000 | 00346nam a22001337a 4500 | ||
|---|---|---|---|
| 082 |
_a940.400956 _bBUR _cBurne, AH. |
||
| 100 |
_aBurne, AH. _949454 |
||
| 245 | _aMesopotamia The last phase | ||
| 260 |
_aLondon _bBurne, AH. _c1936 |
||
| 300 |
_a120p.: _bill: |
||
| 526 |
_a0 _b0 _c0 _d940_400956000000000_BUR |
||
| 650 |
_aMCE _9379 |
||
| 942 |
_2ddc _cBK |
||
| 999 |
_c552229 _d552229 |
||